书目信息 |
| 题名: |
电磁矢量传感器阵列信号处理
|
|
| 作者: | 万群 , 邹麟 , 陈慧 著 | |
| 分册: | ||
| 出版信息: | 北京 国防工业出版社 2017.12 |
|
| 页数: | XVII, 158页, 8页图版 | |
| 开本: | 24cm | |
| 丛书名: | 雷达与探测前沿技术丛书 | |
| 单 册: | ||
| 中图分类: | TN911.72 | |
| 科图分类: | ||
| 主题词: | 电磁传感器--dian ci chuan gan qi--数字信号处理 | |
| 电子资源: | ||
| ISBN: | 978-7-118-11450-8 | |
| 000 | 01537nam 2200313 450 | |
| 001 | 2368372879 | |
| 005 | 20231125185945.65 | |
| 010 | @a978-7-118-11450-8@dCNY49.00 | |
| 100 | @a20190122d2017 em y0chiy50 ea | |
| 101 | 0 | @achi |
| 102 | @aCN@b110000 | |
| 105 | @aafk a 000yy | |
| 200 | 1 | @a电磁矢量传感器阵列信号处理@Adian ci shi liang chuan gan qi zhen lie xin hao chu li@d= Signal processing for electromagnetic vector sensor arrays@f万群, 邹麟, 陈慧等著@zeng |
| 210 | @a北京@c国防工业出版社@d2017.12 | |
| 215 | @aXVII, 158页, 8页图版@c图@d24cm | |
| 225 | 2 | @a雷达与探测前沿技术丛书@Alei da yu tan ce qian yan ji shu cong shu |
| 300 | @a国家出版基金项目 “十二五”国家重点出版规划项目 | |
| 314 | @a万群, 江西南昌人, 1993年获南京大学电子与信息系统学士学位。邹麟, 四川成都人, 204年获电子科技大学电子信息工程学士学位。陈慧, 河南商丘人, 2007年获西南民族大学电子信息工程学士学位。 | |
| 320 | @a有书目 (第141-154页) | |
| 330 | @a本书共分7章, 主要内容包括: 基于传统长矢量的电磁矢量传感器阵列模型、张量和几何代数的基本原理与数学基础、矢量传感器阵列方向图分析与综合方法、参数估计的超复数域方法、矢量传感器阵列稳健波束形成、优化布阵与阵列校准等问题。 | |
| 410 | 0 | @12001 @a雷达与探测前沿技术丛书 |
| 510 | 1 | @aSignal processing for electromagnetic vector sensor arrays@zeng |
| 606 | 0 | @a电磁传感器@Adian ci chuan gan qi@x数字信号处理 |
| 690 | @aTN911.72@v5 | |
| 701 | 0 | @a万群@Awan qun@4著 |
| 701 | 0 | @a邹麟@Azou lin@4著 |
| 701 | 0 | @a陈慧@Achen hui@4著 |
| 801 | 0 | @aCN@b人天书店@c20190122 |
| 905 | @aBZT@dTN911.72@e9 | |
| 电磁矢量传感器阵列信号处理= Signal processing for electromagnetic vector sensor arrays/万群, 邹麟, 陈慧等著.-北京:国防工业出版社,2017.12 |
| XVII, 158页, 8页图版:图;24cm.-(雷达与探测前沿技术丛书) |
| 国家出版基金项目 “十二五”国家重点出版规划项目 |
| ISBN 978-7-118-11450-8:CNY49.00 |
| 本书共分7章, 主要内容包括: 基于传统长矢量的电磁矢量传感器阵列模型、张量和几何代数的基本原理与数学基础、矢量传感器阵列方向图分析与综合方法、参数估计的超复数域方法、矢量传感器阵列稳健波束形成、优化布阵与阵列校准等问题。 |
| ● |
| 相关链接 |
|
|
|
正题名:电磁矢量传感器阵列信号处理
索取号:TN911.72/9
 
预约/预借
| 序号 | 登录号 | 条形码 | 馆藏地/架位号 | 状态 | 备注 |
| 1 | 2001092500 | 2001092500 | 东辅楼二楼书库/ [索取号:TN911.72/9] | 在馆 | |
| 2 | 2001092501 | 2001092501 | 东辅楼二楼书库/ [索取号:TN911.72/9] | 在馆 | |
| 3 | 2001092502 | 2001092502 | 东辅楼二楼书库/ [索取号:TN911.72/9] | 在馆 | |
| 4 | 2001092503 | 2001092503 | 东辅楼二楼书库/ [索取号:TN911.72/9] | 在馆 | |
| 5 | 2001092504 | 2001092504 | 东辅楼二楼书库/ [索取号:TN911.72/9] | 在馆 | |
| 6 | 2001092505 | 2001092505 | 东辅楼二楼书库/ [索取号:TN911.72/9] | 在馆 | |
| 7 | 2001092506 | 2001092506 | 东辅楼二楼书库/ [索取号:TN911.72/9] | 在馆 | |
| 8 | 2001092507 | 2001092507 | 东辅楼二楼书库/ [索取号:TN911.72/9] | 在馆 | |
| 9 | 2001092508 | 2001092508 | 东辅楼二楼书库/ [索取号:TN911.72/9] | 在馆 | |
| 10 | 2001092509 | 2001092509 | 东辅楼二楼书库/ [索取号:TN911.72/9] | 在馆 | |
| 11 | 2001092510 | 2001092510 | 东辅楼二楼书库/ [索取号:TN911.72/9] | 在馆 | |
| 12 | 2001092511 | 2001092511 | 东辅楼二楼书库/ [索取号:TN911.72/9] | 在馆 | |
| 13 | 2001092512 | 2001092512 | 东辅楼二楼书库/ [索取号:TN911.72/9] | 在馆 | |
| 14 | 2001092513 | 2001092513 | 东辅楼二楼书库/ [索取号:TN911.72/9] | 在馆 | |
| 15 | 2001092514 | 2001092514 | 东辅楼二楼书库/ [索取号:TN911.72/9] | 在馆 | |
| 16 | 2001092515 | 2001092515 | 东辅楼二楼书库/ [索取号:TN911.72/9] | 在馆 | |
| 17 | 2001092516 | 2001092516 | 东辅楼二楼书库/ [索取号:TN911.72/9] | 在馆 | |
| 18 | 2001092517 | 2001092517 | 东辅楼二楼书库/ [索取号:TN911.72/9] | 在馆 | |
| 19 | 2001092518 | 2001092518 | 东辅楼二楼书库/ [索取号:TN911.72/9] | 在馆 | |
| 20 | 2001092519 | 2001092519 | 东辅楼二楼书库/ [索取号:TN911.72/9] | 在馆 | |
| 21 | 2001092520 | 2001092520 | 东辅楼二楼书库/ [索取号:TN911.72/9] | 在馆 | |
| 22 | 2001092521 | 2001092521 | 东辅楼二楼书库/ [索取号:TN911.72/9] | 在馆 | |
| 23 | 2001092522 | 2001092522 | 东辅楼二楼书库/ [索取号:TN911.72/9] | 在馆 | |
| 24 | 2001092523 | 2001092523 | 东辅楼二楼书库/ [索取号:TN911.72/9] | 在馆 | |
| 25 | 2001092524 | 2001092524 | 东辅楼二楼书库/ [索取号:TN911.72/9] | 在馆 | |
| 26 | 2001092525 | 2001092525 | 东辅楼二楼书库/ [索取号:TN911.72/9] | 在馆 | |
| 27 | 2001092526 | 2001092526 | 东辅楼二楼书库/ [索取号:TN911.72/9] | 在馆 | |
| 28 | 2001092527 | 2001092527 | 东辅楼二楼书库/ [索取号:TN911.72/9] | 在馆 | |
| 29 | 2001092528 | 2001092528 | 东辅楼二楼书库/ [索取号:TN911.72/9] | 在馆 | |
| 30 | 2001092529 | 2001092529 | 东辅楼二楼书库/ [索取号:TN911.72/9] | 在馆 |